000 00395nam a2200133Ia 4500
008 220217s9999||||xx |||||||||||||| ||und||
020 _a0-85226-858-0
082 _a621.381 3 SIS
100 _aSisodia, M.L Raghuvanshi, S
_93385
245 0 _aBasic microwave techniques and laboratory manual
260 _aNew age international
_bNew Delhi
_c2000
300 _b120
650 _aELECTRONICS
999 _c171545
_d171545